Diccionario de eclesiología

Uloženo v:
Podrobná bibliografie
Hlavní autoři: O'Donnell, Christopher O. (autor), Pié-Ninot, Salvador (Autor)
Médium: Kniha
Jazyk:španělština
Vydáno: Madrid San Pablo 2001
Edice:Diccionarios San Pablo
Témata:
Tagy: Přidat tag
Žádné tagy, Buďte první, kdo vytvoří štítek k tomuto záznamu!

MARC

LEADER 00000cam a2200000 a 4500
001 UCL2386
003 CL-VaPUC
008 031017e20010000SP |||||||||||||||||spa|d
020 |a 8428523207 
082 0 4 |a 262.003  |b ODO  |2 21 
100 |a O'Donnell, Christopher O.  |e autor  |9 479491 
700 0 |a Pié-Ninot, Salvador  |e author  |9 479492 
245 1 0 |a Diccionario de eclesiología 
300 |a 1166 p 
942 |c BK 
945 |d 20031017 00:00:00  |a cmena 
260 |a Madrid  |b San Pablo  |c 2001 
650 0 |a Eclesiología   |9 366152 
650 0 |a Diccionarios  |9 256200 
583 |a last modification  |c 20140507 11:46:31  |k Rodrigo Vera 
490 0 |a Diccionarios San Pablo 
999 |c 305725  |d 305723 
952 |0 0  |1 0  |4 0  |6 262_003000000000000_ODO_2001  |7 0  |8 F  |9 370012  |a BIBTEO  |b BIBTEO  |d 2019-11-21  |i 395062K  |l 1  |o 262.003 ODO 2001  |p 395062K  |r 2025-01-17  |s 2023-03-28  |w 2019-11-21  |y BK_F  |k ICR 
952 |0 0  |1 0  |3 erd  |4 0  |6 262_003000000000000_ODO_2001  |7 0  |8 F  |9 370013  |a BIBTEO  |b BIBTEO  |i 5073847  |o 262.003 ODO 2001  |p 5073847  |r 2025-01-17  |w 2019-11-21  |y BK_F  |z Catalogado en:20140508  |k ICR